| 000 | 00543nam a2200181 i 4500 | ||
|---|---|---|---|
| 001 | 28875 | ||
| 003 | ES-MaACL | ||
| 005 | 20230906153937.0 | ||
| 007 | t| | ||
| 008 | 030120s1968 sp ||||1| spa d | ||
| 100 | 1 |
_aBamm, Peter. _925150 |
|
| 245 | 1 | 0 |
_aAlejandro Magno y su tiempo / _cPeter Bamm ; [traducción de Jaime Navarra Farré]. |
| 250 | _a[1ª ed.]. | ||
| 260 |
_aBarcelona, etc. : _bBruguera, _c[1968] |
||
| 300 |
_a320 p., 32 lám. ; _c25 cm. |
||
| 700 | 1 |
_aNavarra Farré, Jaime. _985031 |
|
| 852 |
_aES-MaACL _jC-35162 _bR.67796 |
||
| 999 |
_c28875 _d28875 |
||